• 首页
  • 本馆介绍
  • 公告通知
  • 最新文献
  • 馆藏检索
  • 电子资源
  • 读者导购
  • 参考咨询
  • 我的图书馆
  • 登录
  • 详细信息显示
  • 放入我的书架
  • 预约/预借图书
  • 作者相关作品
  • 分类相关作品
  • 丛书相关作品
  • 出版社相关作品

书目信息

  • 表格格式
  • 工作单格式
  • 卡片格式
题名:
中国经济高增长中的信贷扩张与金融扭曲
    
 
作者: 张磊 著
分册:  
出版信息: 北京   社会科学文献出版社  2013.7
页数: 187页
开本: 24cm
丛书名:
单 册:
中图分类: F832.4
科图分类:
主题词: 中国经济--Zhong Guo Jing Ji--经济增长--关系--贷款管理--研究 , 经济增长--Jing Ji Zeng Chang , 关系--Guan Xi , 贷款管理--Dai Kuan Guan Li , 研究--Yan Jiu
电子资源:
ISBN: 978-7-5097-4812-1
000 01399nam0 22003131 450
001 350812
005 20161011170625.78
010    @a978-7-5097-4812-1@dCNY45.00
100    @a20130809d2013 em y0chiy50 ea
101 0  @achi@deng@eeng
102    @aCN@b110000
105    @aa a 001yy
106    @ar
200 1  @a中国经济高增长中的信贷扩张与金融扭曲@AZhong Guo Jing Ji Gao Zeng Chang Zhong De Xin Dai Kuo Zhang Yu Jin Rong Niu Qu@dThe credit expansion and financial distortions in the era of China's hich economic growth@f张磊著@zeng
210    @a北京@c社会科学文献出版社@d2013.7
215    @a187页@c图@d24cm
300    @a中国社会科学院创新工程学术出版资助项目
320    @a有书目 (第148-156页) 和索引
330    @a本书通过建立一个引入资本产品不确定性和信贷约束的干中学世代交叠模型来刻画出口导向型工业化经济增长方式同动员性货币金融体制之间的相互匹配关系,并由此解释中国改革开放以来货币金融扭曲没有阻碍经济增长和金融发展的体制成因。
510 1  @aCredit expansion and financial distortions in the era of China's hich economic growth@zeng
606 0  @a中国经济@AZhong Guo Jing Ji@x经济增长@x关系@x贷款管理@x研究
606 0  @a经济增长@AJing Ji Zeng Chang
606 0  @a关系@AGuan Xi
606 0  @a贷款管理@ADai Kuan Guan Li
606 0  @a研究@AYan Jiu
690    @aF832.4@v5
701  0 @a张磊@AZhang Lei@4著
801  0 @aCN@bTANGWEI@c20160808
905    @b0891905-9@dF832.4@e139@f5
    
    中国经济高增长中的信贷扩张与金融扭曲=The credit expansion and financial distortions in the era of China's hich economic growth/张磊著.-北京:社会科学文献出版社,2013.7
    187页:图;24cm
    中国社会科学院创新工程学术出版资助项目
    
    ISBN 978-7-5097-4812-1:CNY45.00
    本书通过建立一个引入资本产品不确定性和信贷约束的干中学世代交叠模型来刻画出口导向型工业化经济增长方式同动员性货币金融体制之间的相互匹配关系,并由此解释中国改革开放以来货币金融扭曲没有阻碍经济增长和金融发展的体制成因。
●
相关链接 在E读中查询图书 在五车中查询图书 在当当中查询图书 在豆瓣中查询图书


正题名:中国经济高增长中的信贷扩张与金融扭曲     索取号:F832.4/139         预约/预借

序号 登录号 条形码 馆藏地/架位号 状态 备注
1 0891905   208919054   第一样本阅览室/ [索取号:F832.4/139] 在馆    
2 0891906   208919063   密集书库-海洋学院/ [索取号:F832.4/139] 在馆    
3 0891907   208919072   第一借阅区/ [索取号:F832.4/139] 在馆    
4 0891908   208919081   第一借阅区/ [索取号:F832.4/139] 在馆    
5 0891909   208919090   第一借阅区/ [索取号:F832.4/139] 在馆    
唐山师范学院图书馆 欢迎您!
大连网信软件有限公司© 版权所有